000 00655nam a2200217 a 4500
999 _c2740
_d2740
001 2740
003 BD-JhCC
005 20171107184618.0
008 171106s1389 bg |||| |||| 000 0 ben d
035 _a(BD-JhCC)2740
040 _aBD-JhCC
_dBD-JhCC
041 _aben
082 _a891.443
_bSHE 1389
100 _aসেন, চিরঞ্জীব
245 _aকঙ্গোরিলা /
_cচিরঞ্জীব সেন
260 _aকলিকাতা :
_bমন্ডল বুক হাউজ,
_c১৩৮৯.
300 _a১৫০ পৃ. :
_c২১ সেমি.
650 _aBengali novel
942 _2ddc
_cBK